<?xml version="1.0" encoding="UTF-8"?>
<record
    xmlns:xsi="http://www.w3.org/2001/XMLSchema-instance"
    xsi:schemaLocation="http://www.loc.gov/MARC21/slim http://www.loc.gov/standards/marcxml/schema/MARC21slim.xsd"
    xmlns="http://www.loc.gov/MARC21/slim">

  <leader>02581cam a2200337 i 4500</leader>
  <controlfield tag="001">9271508</controlfield>
  <controlfield tag="005">20260126102539.0</controlfield>
  <controlfield tag="006">m        d        </controlfield>
  <controlfield tag="007">cr  n         </controlfield>
  <controlfield tag="008">130725t20142014nyua    ob    001 0 eng d</controlfield>
  <datafield tag="020" ind1=" " ind2=" ">
    <subfield code="a">9780415634441</subfield>
  </datafield>
  <datafield tag="035" ind1=" " ind2=" ">
    <subfield code="a">(WaSeSS)ssj0001132616</subfield>
  </datafield>
  <datafield tag="040" ind1=" " ind2=" ">
    <subfield code="a">ICU/DLC</subfield>
    <subfield code="b">eng</subfield>
    <subfield code="c">ICU</subfield>
    <subfield code="d">DLC</subfield>
    <subfield code="d">WaSeSS</subfield>
  </datafield>
  <datafield tag="041" ind1=" " ind2=" ">
    <subfield code="a">en</subfield>
  </datafield>
  <datafield tag="042" ind1=" " ind2=" ">
    <subfield code="a">pcc</subfield>
  </datafield>
  <datafield tag="050" ind1="0" ind2="0">
    <subfield code="a">ML3540.7</subfield>
    <subfield code="b">.M88 2014</subfield>
  </datafield>
  <datafield tag="245" ind1="0" ind2="0">
    <subfield code="a">Music in video games </subfield>
    <subfield code="b">: studying play </subfield>
    <subfield code="c">/ edited by K. J. Donnelly, William Gibbons, Neil Lerner.</subfield>
  </datafield>
  <datafield tag="264" ind1=" " ind2="1">
    <subfield code="a">New York ;</subfield>
    <subfield code="a">London :</subfield>
    <subfield code="b">Routledge,</subfield>
    <subfield code="c">2014.</subfield>
  </datafield>
  <datafield tag="264" ind1=" " ind2="4">
    <subfield code="c">2014</subfield>
  </datafield>
  <datafield tag="300" ind1=" " ind2=" ">
    <subfield code="a">xiii, 232 pages . : illustrations ; 23 cm.</subfield>
  </datafield>
  <datafield tag="490" ind1="0" ind2=" ">
    <subfield code="a">Routledge music and screen media series</subfield>
  </datafield>
  <datafield tag="504" ind1=" " ind2=" ">
    <subfield code="a">Includes bibliographical references and index.</subfield>
  </datafield>
  <datafield tag="505" ind1=" " ind2=" ">
    <subfield code="t">Mario's dynamic leaps : musical innovations and the specter of early cinema in Donkey Kong and Super Mario Bros.&#x2014; The temporary avatar zone : pico-pico parties in Tokyo&#x2014; Nintendo's art of musical play&#x2014; Transcribing musical worlds, or, is L.A. noire a music game?&#x2014; Meaningful modular combinations : simultaneous harp and environmental music in two Legend of Zelda games&#x2014; Wandering tonalities : silence, sound, and morality in Shadow of the colossus&#x2014; Fear of the unknown : music and sound design in psychological horror games&#x2014; Lawn of the dead : the indifference of musical destiny in Plants vs. zombies&#x2014; Music, history, and progress in Sid Meier's Civilization IV&#x2014; "The place I'll return to someday" : musical nostalgia in Final fantasy IX&#x2014; From Parsifal to the Playstation : Wagner and video game music.</subfield>
  </datafield>
  <datafield tag="520" ind1=" " ind2=" ">
    <subfield code="a">From its earliest days as little more than a series of monophonic outbursts to its current-day scores that can rival major symphonic film scores, video game music has gone through its own particular set of stylistic and functional metamorphoses while both borrowing and recontextualizing the earlier models from which it borrows. With topics ranging from early classics like Donkey Kong and Super Mario Bros. to more recent hits like Plants vs. Zombies, the eleven essays in Music in Video Games draw on the scholarly fields of musicology and music theory, film theory, and game studies, to investigate the history, function, style, and conventions of video game music.</subfield>
  </datafield>
  <datafield tag="650" ind1=" " ind2="0">
    <subfield code="a">Video game music</subfield>
    <subfield code="x">History and criticism.</subfield>
  </datafield>
  <datafield tag="650" ind1=" " ind2="0">
    <subfield code="a">Video game music</subfield>
    <subfield code="x">Analysis, appreciation.</subfield>
  </datafield>
  <datafield tag="700" ind1=" " ind2=" ">
    <subfield code="a">Donnelly, K. J.</subfield>
    <subfield code="q">(Kevin J.)</subfield>
  </datafield>
  <datafield tag="700" ind1=" " ind2=" ">
    <subfield code="a">Gibbons, William</subfield>
    <subfield code="q">(William James),</subfield>
    <subfield code="d">1981-</subfield>
  </datafield>
  <datafield tag="700" ind1=" " ind2=" ">
    <subfield code="a">Lerner, Neil William,</subfield>
    <subfield code="d">1966-</subfield>
  </datafield>
  <datafield tag="942" ind1=" " ind2=" ">
    <subfield code="2">ddc</subfield>
  </datafield>
  <datafield tag="952" ind1=" " ind2=" ">
    <subfield code="0">0</subfield>
    <subfield code="1">0</subfield>
    <subfield code="2">lcc</subfield>
    <subfield code="4">0</subfield>
    <subfield code="7">0</subfield>
    <subfield code="a">TBS</subfield>
    <subfield code="b">TBS</subfield>
    <subfield code="d">2026-01-26</subfield>
    <subfield code="l">0</subfield>
    <subfield code="o">ML3540.7 MUS</subfield>
    <subfield code="r">2026-01-26</subfield>
    <subfield code="t">1</subfield>
    <subfield code="w">2026-01-26</subfield>
    <subfield code="y">1</subfield>
    <subfield code="z">SOON AVAILABLE</subfield>
  </datafield>
  <datafield tag="999" ind1=" " ind2=" ">
    <subfield code="c">5300</subfield>
    <subfield code="d">5300</subfield>
  </datafield>
</record>
